| 000 | 00979nac a22003377a 4500 | ||
|---|---|---|---|
| 001 | BR0902621 | ||
| 003 | BR-BrBNA | ||
| 005 | 20240105123743.0 | ||
| 008 | 230509b bl.|||m| |||| 00| 0 por d | ||
| 040 |
_aBR-BrBNA _bpor _cBiblioteca Nacional de Agricultura |
||
| 072 | _aF08; F01 | ||
| 090 | _a1850 BR0902621 | ||
| 100 | 1 | _aCheng, S.S. | |
| 100 | 1 | _aChu, E.Y. | |
| 110 | 1 | _aEMBRAPA Amazônia Oriental, Belém, PA (Brasil) | |
| 245 | 1 | _aProdução de tomate em pneus | |
| 260 | 3 |
_aBelém, PA (Brasil): _c2005. |
|
| 300 | _a29 p. | ||
| 490 |
_aDocumentos - EMBRAPA Amazônia Oriental (Brazil) _vno. 217 _xISSN 1517-2201 |
||
| 500 | _a10 ref. | ||
| 650 | _aTOMATE | ||
| 650 | _aPRODUÇÃO VEGETAL | ||
| 650 | _aSISTEMA DE CULTIVO | ||
| 650 | _aSUBSTRATO DE CULTURA | ||
| 650 | _aADUBAÇÃO | ||
| 650 | _aMUDAS | ||
| 650 | _aCONTROLE CULTURAL | ||
| 650 | _aROTAÇÃO DE CULTURA | ||
| 909 |
_a202312 _bLúcia Elande _c55 _dLúcia Elande |
||
| 942 |
_2AGRIS _n0 _cMS |
||
| 999 |
_c296851 _d296851 |
||